[Event "300 Years"]
[Site "St Petersburg RUS"]
[Date "2003.10.19"]
[Round "2"]
[White "Gareev,T"]
[Black "Kotsur,P"]
[Result "1/2-1/2"]
[WhiteElo "2434"]
[BlackElo "2552"]

1.d4 Nf6 2.c4 e6 3.Nc3 Bb4 4.Nf3 b6 5.e3 Ne4 6.Qc2 Bb7 7.Bd3 f5 8.O-O Bxc3
9.bxc3 O-O 10.Ne1 c5 11.f3 Nd6 12.Qe2 Qc7 13.Nc2 Nc6 14.Bd2 e5 15.e4 cxd4
16.cxd4 exd4 17.Bf4 Rae8 18.Qd2 Ne5 19.exf5 Nxf5 20.Bxf5 Rxf5 21.Nxd4 Qc5
22.Rae1 Rff8 23.Rxe5 Rxe5 24.Bxe5 Qxe5 25.Nb3 Bc6 26.Re1 Qf4 27.Qc3 Qf6 28.Re3 Qxc3
29.Rxc3 Rc8 30.Rd3 Re8 31.Kf2 Re5 32.Re3 Rf5 33.Ke2 Kf7 34.Kd3 h5 35.Kd4 g5
36.Re5 Rf4+ 37.Kc3 Kf6 38.Re2 Rf5 39.Kd4 Bb7 40.Kd3 Ba6 41.Kc3 Re5 42.Rd2 Ke7
43.Kd4 d6 44.Rf2 Bb7 45.g3 Kf6 46.Nd2 Ra5 47.f4 gxf4 48.Ne4+ Bxe4 49.Kxe4 f3
50.Rxf3+ Ke6 51.Rf2 b5 52.cxb5 Rxb5 53.h3 Rb4+ 54.Kd3 Ra4 55.Rg2 Ke5 56.g4 h4
57.g5 d5 58.Re2+ Kf5 59.Rg2 Ra3+ 60.Kd4 Rg3 61.Rh2 Kf4 62.Rh1 Kf3 63.Rf1+ Kg2
64.Rf5 Kxh3 65.Rxd5 Rg4+ 66.Ke3 Rg2 67.a4 Kg4 68.g6 h3 69.Rd8 Kf5 70.Rh8 Rg3+
71.Kf2 Rxg6  1/2-1/2

[Event "EuTCh w"]
[Site "Plovdiv BUL"]
[Date "2003.10.20"]
[Round "9"]
[White "Machalova,M"]
[Black "Georgieva,Li"]
[Result "0-1"]
[WhiteElo "2187"]
[BlackElo "2252"]

1.c4 Nf6 2.Nf3 e6 3.Nc3 Bb4 4.d4 Bxc3+ 5.bxc3 b6 6.Bg5 Bb7 7.e3 h6 8.Bh4 Qe7
9.a4 a5 10.Be2 d6 11.O-O Nbd7 12.Nd2 g5 13.Bg3 e5 14.Qb3 O-O-O 15.Rab1 h5
16.f3 h4 17.Bf2 c5 18.Qb2 Rdg8 19.e4 g4 20.d5 g3 21.Be1 gxh2+ 22.Kxh2 Nh5
23.Rg1 Qg5 24.Nf1 Qf4+ 25.g3 Nxg3 26.Bxg3 hxg3+ 27.Kg2 Qh4 28.f4 Qh3+  0-1

[Event "CCAS Open"]
[Site "Cap d'Agde FRA"]
[Date "2003.10.23"]
[Round "1"]
[White "Boukobza,A"]
[Black "Bagheri,A"]
[Result "0-1"]
[WhiteElo "2145"]
[BlackElo "2541"]

1.d4 Nf6 2.c4 e6 3.Nf3 Bb4+ 4.Nc3 b6 5.e3 Bb7 6.Bd3 O-O 7.O-O d5 8.cxd5 exd5
9.Qc2 Re8 10.Bd2 a6 11.Ng5 h6 12.Nh3 Bd6 13.f3 c5 14.dxc5 bxc5 15.e4 c4 16.Be2 d4
17.Bxc4 dxc3 18.Bxc3 Qb6+ 19.Nf2 Nbd7 20.Rad1 Qc7  0-1

[Event "Classics II GM"]
[Site "Gausdal NOR"]
[Date "2003.10.24"]
[Round "5"]
[White "Johannessen,LE"]
[Black "Berg,E"]
[Result "1/2-1/2"]
[WhiteElo "2495"]
[BlackElo "2489"]

1.d4 Nf6 2.c4 e6 3.Nc3 Bb4 4.Nf3 b6 5.Bg5 h6 6.Bh4 g5 7.Bg3 Ne4 8.Qc2 Bb7
9.e3 Bxc3+ 10.bxc3 d6 11.Bd3 f5 12.d5 exd5 13.cxd5 Bxd5 14.Nd4 Qf6 15.Nxf5 Qxf5
16.f3 Qe6 17.fxe4 Bc4 18.Bxc4 Qxc4 19.e5 Nc6 20.Qg6+ Qf7 21.Qxf7+ Kxf7 22.exd6 cxd6
23.O-O-O Rhd8 24.Bxd6 Ke6 25.Bc7 Rxd1+ 26.Rxd1 Na5 27.Rd6+ Kf5 28.Rxh6 Re8
29.Kd2 Nc4+ 30.Kd3 Nxe3 31.h4 Nxg2 32.hxg5 Kxg5 33.Rh7  1/2-1/2

[Event "Classics II GM"]
[Site "Gausdal NOR"]
[Date "2003.10.27"]
[Round "9"]
[White "Johannessen,LE"]
[Black "Gausel,E"]
[Result "1/2-1/2"]
[WhiteElo "2495"]
[BlackElo "2525"]

1.d4 Nf6 2.c4 e6 3.Nc3 Bb4 4.Nf3 b6 5.Bg5 Bb7 6.Nd2 Bxc3 7.bxc3 d6 8.f3 h6
9.Bh4 Nbd7 10.e4 g5 11.Bf2 Qe7 12.Qa4 a6 13.Rb1 Kf8 14.h4 Kg7 15.g4 e5 16.Bd3 Nf8
17.Nf1 Ne6 18.Ne3 Qe8 19.Qxe8 Raxe8 20.Nd5 Nxd5 21.cxd5 Nf4 22.Kd2 f6 23.c4 exd4
24.Bxd4 Bc8 25.h5  1/2-1/2

[Event "KO Rapid"]
[Site "Cap D'Agde FRA"]
[Date "2003.10.28"]
[Round "1.1"]
[White "Bacrot,E"]
[Black "Grischuk,A"]
[Result "1/2-1/2"]
[WhiteElo "2664"]
[BlackElo "2732"]

1.d4 Nf6 2.c4 e6 3.Nc3 Bb4 4.Nf3 c5 5.g3 cxd4 6.Nxd4 O-O 7.Bg2 d5 8.cxd5 Nxd5
9.Qb3 Qa5 10.Bd2 Nc6 11.Nxc6 bxc6 12.O-O Bxc3 13.bxc3 Ba6 14.Rfd1 Qc5 15.e4 Bc4
16.Qa4 Nb6 17.Qb4 Qh5 18.Be3 Be2 19.Re1 Nc4 20.Qc5 Rfd8 21.e5 Nb2 22.Qxc6 Nd3
23.Qxa8 Rxa8 24.Bxa8 Nxe1 25.Rxe1 a5 26.Rb1 h6 27.Rb8+ Kh7 28.Be4+ g6 29.Rb7 Kg7
30.Kg2 Ba6 31.Ra7 Qe2 32.h4 a4 33.a3 Bb5 34.Ra5 Qc4 35.Bd4 Qb3 36.Bc5 Bc4
37.Be7 Qd1 38.Bf6+ Kh7 39.Ra8 Qf1+ 40.Kh2 Qxf2+ 41.Bg2 Qxg2+ 42.Kxg2 Bd5+
43.Kf2 Bxa8 44.Ke3 Bd5 45.Kd4 g5 46.c4 Bg2 47.h5 Bf3 48.c5 Kg8 49.Kc4 Kf8
50.Kb5 Bxh5 51.c6 Ke8 52.Kb6 Bf3 53.Kc7 g4 54.Kd6 h5 55.Bg5 Bg2 56.Kc5 Bf3
57.Kb5 Be4 58.Bf6 Bf3 59.Kc5 Bg2 60.Kd6 Bf3 61.c7 Bb7 62.Bd8 Bc8 63.Kc6 Ba6
64.Bf6 Bc8 65.Bg5 Ba6 66.Be3 Bc8 67.Bc5 Ba6 68.Be3  1/2-1/2

[Event "Bundesliga 2003-4"]
[Site "Katernberg GER"]
[Date "2003.11.02"]
[Round "2"]
[White "Dinstuhl,V"]
[Black "Thesing,M"]
[Result "1/2-1/2"]
[WhiteElo "2439"]
[BlackElo "2437"]

1.d4 e6 2.c4 Nf6 3.Nc3 Bb4 4.Nf3 c5 5.g3 cxd4 6.Nxd4 a6 7.Bg2 Qc7 8.O-O O-O
9.Bg5 Be7 10.Ne4 Qd8 11.Nxf6+ Bxf6 12.Bxf6 Qxf6 13.Qd2 Nc6 14.Rfd1 Rb8 15.Nb3 b5
16.c5 Bb7 17.Bxc6 Bxc6 18.Na5 Bd5 19.b4 Qg6 20.Rac1 Rbe8 21.a3 f5 22.Qf4 Qh5
23.f3 Rf6 24.Qe5 Rh6 25.h4 g5 26.Rxd5 exd5 27.Qxd5+ Qf7 28.Qxf7+ Kxf7 29.hxg5 Rg6
30.Rd1 Ke7 31.f4 h6 32.Rd5 hxg5 33.Kf2 gxf4 34.gxf4 Rh8 35.Rxf5 Rh2+ 36.Ke3 Rh3+
37.Ke4 Rxa3 38.Re5+ Re6 39.c6 Rxe5+ 40.fxe5 dxc6 41.Nxc6+ Ke6 42.Kd4 Ra1
43.Kc5 Rc1+ 44.Kb6 Rc4 45.e4 Kf7 46.Nd8+ Ke7 47.Nc6+ Ke6 48.Nb8 Rxb4  1/2-1/2

[Event "ch-UKR"]
[Site "Simferopol UKR"]
[Date "2003.11.04"]
[Round "1"]
[White "Vasilevich,T"]
[Black "Ostrovskiy,A"]
[Result "1-0"]
[WhiteElo "2425"]
[BlackElo "2227"]

1.d4 Nf6 2.c4 e6 3.Nc3 Bb4 4.Nf3 O-O 5.g3 c5 6.Bg2 cxd4 7.Nxd4 d5 8.Qb3 Bxc3+
9.Qxc3 e5 10.Nb3 d4 11.Qa5 Qe7 12.Qc5 Qxc5 13.Nxc5 Nc6 14.O-O Nd7 15.Na6 bxa6
16.Bxc6 Rb8 17.b3 Rb6 18.Bg2 Bb7 19.Bh3 Rd8 20.Ba3 Nf6 21.Rad1 Ne4 22.f3 Ng5
23.Bg2 Ne6 24.f4 exf4 25.gxf4 f5 26.e3 dxe3 27.Rxd8+ Nxd8 28.Bxb7 Nxb7 29.Re1 Re6
30.Kg2 Kf7 31.Kf3 Nd8 32.Rxe3 Rxe3+ 33.Kxe3 Nc6 34.b4 Ke6 35.b5 Na5 36.Kd4 axb5
37.cxb5 Nb7 38.Bf8 g6 39.a4 Kf6 40.h4 Ke6 41.Bc5  1-0

[Event "TCh-AUT B Mitte 2003-4"]
[Site "St Veit AUT"]
[Date "2003.11.08"]
[Round "1"]
[White "Horvath,P1"]
[Black "Konopka,M"]
[Result "1-0"]
[WhiteElo "2457"]
[BlackElo "2451"]

1.d4 e6 2.c4 Bb4+ 3.Nc3 Nf6 4.Nf3 O-O 5.Bg5 h6 6.Bh4 b6 7.e3 Bb7 8.Bd3 d5
9.cxd5 exd5 10.O-O Nbd7 11.Ne5 Be7 12.f4 Ne4 13.Bxe7 Qxe7 14.Nxe4 dxe4 15.Bc4 Kh7
16.Qb3 Nxe5 17.fxe5 f6 18.exf6 Rxf6 19.Rxf6 Qxf6 20.Rf1 Qd6 21.Qa3 Qc6 22.b3 a6
23.Qe7 Re8 24.Qf7 Rd8 25.Be6 Qd6 26.Rf6 Kh8 27.Rg6 Qf8 28.Qxc7 Bc8 29.h4 b5
30.Qe5 Kh7 31.Rg4 Bxe6 32.Qxe6 Re8 33.Qg6+ Kh8 34.Rxe4 Rxe4 35.Qxe4 Qa3 36.Qc2 Qb4
37.Qe2 a5 38.g3  1-0

[Event "ch-Europe Internet Blitz"]
[Site "playchess.com INT"]
[Date "2003.11.09"]
[Round "2.3"]
[White "Borg,G"]
[Black "Bischoff,K"]
[Result "0-1"]
[WhiteElo "2367"]
[BlackElo "2564"]

1.d4 Nf6 2.c4 e6 3.Nc3 Bb4 4.Nf3 O-O 5.g3 Bxc3+ 6.bxc3 d6 7.Bg2 Nbd7 8.O-O Re8
9.Rb1 h6 10.Ba3 Rb8 11.c5 dxc5 12.dxc5 c6 13.Qa4 a6 14.Rfd1 Qc7 15.Rd6 e5
16.Nd2 Nf8 17.Bb4 Bf5 18.Ba5 Qe7 19.Rb2 Ne6 20.Qa3 Nd7 21.Bb6 Nxb6 22.Rxb6 Red8
23.Nc4 f6 24.Rxd8+ Rxd8 25.Nd6 g6 26.Rxb7 Qxb7  0-1

[Event "7th BayEM"]
[Site "Bad Wiessee GER"]
[Date "2003.11.10"]
[Round "3"]
[White "Tauber,Man"]
[Black "Landa,K"]
[Result "0-1"]
[WhiteElo "2269"]
[BlackElo "2587"]

1.d4 Nf6 2.c4 e6 3.Nc3 Bb4 4.Nf3 c5 5.e3 O-O 6.Bd3 d5 7.O-O Nc6 8.a3 Bxc3
9.bxc3 Qc7 10.cxd5 exd5 11.a4 Re8 12.h3 c4 13.Bc2 Ne4 14.Bxe4 Rxe4 15.Nd2 Re8
16.Qf3 Be6 17.e4 Qd7 18.Qg3 f6 19.Ba3 Na5 20.Rfe1 Nb3 21.Nxb3 cxb3 22.c4 dxc4
23.Bb2 Bf7 24.d5 Bg6 25.f3 Rac8 26.Bc3 b6 27.h4 a6 28.Rad1 b5 29.axb5 axb5
30.d6 b4 31.Bxf6 gxf6 32.h5 c3 33.hxg6 c2 34.gxh7+ Kh8 35.Qf4 Re6 36.e5  0-1

[Event "TCh-SWE 2003-4"]
[Site "Malmo SWE"]
[Date "2003.11.11"]
[Round "3"]
[White "Borvander,T"]
[Black "Bjork,C"]
[Result "0-1"]
[WhiteElo "2180"]
[BlackElo "2334"]

1.d4 Nf6 2.c4 e6 3.Nc3 Bb4 4.Nf3 Ne4 5.Qb3 Bxc3+ 6.bxc3 b6 7.g3 Bb7 8.Bg2 O-O
9.O-O Qc8 10.Rd1 d6 11.Qc2 Nd7 12.d5 Ndc5 13.Rd4 f5 14.Nh4 e5 15.Rd1 g6 16.f3 Nf6
17.e4 fxe4 18.fxe4 Qd7 19.Bh6 Rf7 20.Rf1 Ba6 21.Qe2 Qa4 22.Rxf6 Rxf6 23.Qg4 Qd7
24.Qg5 Qf7 25.Re1 Kh8 26.Nf3 Bxc4 27.Qg4 Rg8 28.Ng5 Qe7 29.Qh4 Nd7 30.Bh3 Nf8
31.Nf3 Rf7 32.Bg5 Qe8 33.Bf6+ Rxf6 34.Qxf6+ Rg7 35.Nd2 Ba6 36.Qg5 Qe7 37.Qh6 Rf7
38.c4 Rf6 39.Qh4 Qf7 40.g4 Bc8 41.Rf1 Rxf1+ 42.Nxf1 Kg7 43.Ng3 h6 44.Qd8 Qd7
45.Qh4 Nh7 46.Bf1 Ng5 47.Be2 Qe7 48.Kg2 Qf6 49.h3 Qf4  0-1

[Event "7th BayEM"]
[Site "Bad Wiessee GER"]
[Date "2003.11.12"]
[Round "5"]
[White "Skembris,S"]
[Black "Bischoff,K"]
[Result "1/2-1/2"]
[WhiteElo "2439"]
[BlackElo "2564"]

1.d4 Nf6 2.c4 e6 3.Nc3 Bb4 4.Nf3 b6 5.g3 Bb7 6.Bg2 Bxc3+ 7.bxc3 O-O 8.O-O d6
9.Re1 h6 10.a4 Nbd7 11.Ba3 Re8 12.Qb3 Rb8 13.Rad1 e5 14.dxe5  1/2-1/2

[Event "TCh-AUT 2003-4"]
[Site "Graz AUT"]
[Date "2003.11.29"]
[Round "2"]
[White "Knoll,H"]
[Black "Gaertner,G"]
[Result "0-1"]
[WhiteElo "2364"]
[BlackElo "2340"]

1.d4 Nf6 2.Nf3 e6 3.c4 Bb4+ 4.Nc3 b6 5.Qc2 Bb7 6.Bg5 h6 7.Bh4 c5 8.a3 Bxc3+
9.Qxc3 g5 10.Bg3 Ne4 11.Qd3 Nxg3 12.hxg3 Qf6 13.e3 Bxf3 14.gxf3 Nc6 15.Bg2 cxd4
16.Rd1 e5 17.exd4 exd4 18.O-O O-O 19.f4 gxf4 20.Bxc6 dxc6 21.Qxd4 Qxd4 22.Rxd4 fxg3
23.Rd6 gxf2+ 24.Kxf2 c5 25.Rg1+ Kh7 26.Rh1 Rad8 27.Rhxh6+ Kg7 28.Ke3 Rfe8+
29.Kf3 Rh8 30.b4 Rxh6 31.Rxd8 Rh3+ 32.Ke4 Rc3 33.Rc8 Rxc4+ 34.Kd3 Rd4+ 35.Kc3 Rd5
36.Kc4 Rh5 37.b5 Rh3  0-1

[Event "TCh-AUT 2003-4"]
[Site "Graz AUT"]
[Date "2003.11.29"]
[Round "2"]
[White "Lehner,O"]
[Black "Balogh,C"]
[Result "1/2-1/2"]
[WhiteElo "2394"]
[BlackElo "2449"]

1.Nf3 Nf6 2.c4 e6 3.Nc3 Bb4 4.d4 b6 5.g3 Bb7 6.Bg2 O-O 7.Qc2 c5 8.dxc5 Bxc5
9.O-O Be7 10.e4 d6 11.Rd1 Nbd7 12.Nd4 Qc7 13.Qe2 Rac8 14.b3 a6 15.Bb2 Rfe8
16.Rac1 Qb8 17.f4 Bf8 18.f5 exf5 19.Nxf5 g6 20.Ne3 Bg7 21.Ncd5 Bxd5 22.Nxd5 Nxd5
23.Rxd5 Bxb2 24.Qxb2 Rc5 25.Rcd1 Rxd5 26.Rxd5 a5 27.Qd4 Re6 28.Bh3 Ne5 29.Qf2 Re8
30.Rb5 Qb7 31.Bg2 Rb8 32.Qf6 Qc7 33.Rd5 Rd8 34.h3 Rd7 35.Qf2  1/2-1/2

[Event "Open"]
[Site "Santo Domingo DOM"]
[Date "2003.12.01"]
[Round "6"]
[White "Milov,V"]
[Black "Nisipeanu,LD"]
[Result "1/2-1/2"]
[WhiteElo "2574"]
[BlackElo "2675"]

1.d4 Nf6 2.c4 e6 3.Nc3 Bb4 4.Nf3 b6 5.Qb3 c5 6.Bg5 Bb7 7.e3 O-O 8.a3 Ba5
9.dxc5 Na6 10.Qc2 Bxc3+ 11.Qxc3 Nxc5 12.Bxf6  1/2-1/2

[Event "Open"]
[Site "Santo Domingo DOM"]
[Date "2003.12.02"]
[Round "7"]
[White "Moiseenko,A"]
[Black "Zarnicki,P"]
[Result "1-0"]
[WhiteElo "2618"]
[BlackElo "2513"]

1.d4 Nf6 2.c4 e6 3.Nc3 Bb4 4.Nf3 c5 5.g3 cxd4 6.Nxd4 O-O 7.Bg2 d5 8.Qb3 Bxc3+
9.Qxc3 e5 10.Nb3 dxc4 11.Na5 Nd5 12.Qxe5 Qxa5+ 13.Bd2 Qb5 14.Bxd5 Qa6 15.Bc3 Qg6
16.Bxc4 Nc6 17.Qf4 Bh3 18.O-O-O Rac8 19.Rd5 h6 20.Bd3 Qe6 21.Rd6 Qg4 22.Rxh6 Qxf4+
23.gxf4  1-0

[Event "Open"]
[Site "Santo Domingo DOM"]
[Date "2003.12.04"]
[Round "9"]
[White "Milov,V"]
[Black "Moiseenko,A"]
[Result "1/2-1/2"]
[WhiteElo "2574"]
[BlackElo "2618"]

1.d4 Nf6 2.c4 e6 3.Nc3 Bb4 4.Nf3 b6 5.Bg5 Bb7 6.Nd2 c5 7.a3 cxd4 8.axb4 dxc3
9.bxc3 Qc7 10.Bxf6 gxf6 11.e3 a5 12.c5 bxc5 13.b5 Ke7 14.Qc2 d6 15.e4 Nd7
16.c4 Rhg8 17.Ra3 a4 18.g3 h5 19.Bg2 h4 20.O-O Nb6 21.Nf3 hxg3 22.fxg3 Rg4
23.Nh4 Nd7 24.Qe2 Rgg8 25.Qf2 Rh8 26.Qf4 Rh5 27.Nf3 f5 28.exf5 Rxf5 29.Qh4+ Nf6
30.Bh3 Rh5 31.Qf4 Rxh3 32.Ng5 Rh6 33.Nxe6 fxe6 34.Qxh6 Rf8 35.Rxa4 Rf7 36.g4 Be4
37.g5 Ng8 38.Rxf7+ Kxf7 39.Qh5+ Kg7 40.Qg4 Bf5 41.Qf3 d5 42.cxd5 Qe5 43.dxe6 Ne7
44.b6 Qe1+ 45.Qf1 Qe3+ 46.Qf2 Qb3 47.Ra7 Qd1+ 48.Qf1  1/2-1/2

[Event "Open"]
[Site "Santo Domingo DOM"]
[Date "2003.12.05"]
[Round "10"]
[White "Stern,R"]
[Black "Alekseev,E"]
[Result "1/2-1/2"]
[WhiteElo "2484"]
[BlackElo "2613"]

1.d4 Nf6 2.c4 e6 3.Nc3 Bb4 4.Nf3 c5 5.Bg5 cxd4 6.Nxd4 h6 7.Bh4 Qa5 8.Qc2 Nc6
9.e3 Ne4 10.Rc1 Nxc3 11.bxc3 Be7 12.Bg3 O-O 13.Be2 b6 14.Nb5 a6 15.Nd6 Ra7
16.O-O Bb7 17.Rb1 Ne5 18.Qd2 Qc5 19.Rfd1 Bc6 20.Qd4 Bf6 21.Qxc5 bxc5 22.Rd2 g5
23.Rb3 a5 24.f3 a4 25.Rb6 Raa8 26.Rdb2 Ng6 27.Be1 Bd8 28.Rb8 Bc7 29.Rxa8 Rxa8
30.Bg3 Ba5 31.Nb5 Bxb5 32.Rxb5 Bxc3 33.Rxc5 Kf8 34.Bd6+ Ke8 35.Rb5 Ne7 36.Bd3 Nc8
37.Ba3 Ra5 38.Rb7 Be5 39.Kf2 Bd6 40.Bb2 Ne7 41.Bg7 h5 42.Bc3 Ra8 43.Bf6 g4
44.f4 Bc5 45.Bd4 Rc8 46.Bxc5 Rxc5 47.Ra7 Nc8 48.Rxa4 Kd8 49.Ke2 Kc7 50.Rb4 Ra5
51.a4 Nd6 52.Kd2 Nb7 53.Bc2 Ra7 54.Kc3 Nc5 55.Rb5 d6 56.a5 Ra8 57.e4 f6 58.e5 fxe5
59.fxe5 Rf8 60.exd6+ Kxd6 61.Rb6+ Kc7 62.Kd4 Nd7 63.Rxe6 Rf2 64.Be4 Rd2+
65.Kc3 Ra2 66.a6 h4 67.Rh6 h3 68.gxh3 gxh3 69.Rh7 Kd6 70.Bf5 Nf6 71.Bb1 Rxa6
72.Rh6 Kc5 73.Kb2 Rb6+ 74.Kc1 Kxc4 75.Rxh3 Kd4 76.Bc2 Rb7 77.Rh6 Ke5 78.Kd2 Rg7
79.Bd3 Rg2+ 80.Be2 Nd5 81.Rh5+ Ke4 82.h4 Kd4 83.Kd1 Rh2 84.Ba6 Ke3 85.Bc4 Rd2+
86.Kc1 Rf2 87.Kd1 Kd4  1/2-1/2

[Event "FSGM December"]
[Site "Budapest HUN"]
[Date "2003.12.06"]
[Round "1"]
[White "Horvath,P1"]
[Black "Berczes,D"]
[Result "1/2-1/2"]
[WhiteElo "2457"]
[BlackElo "2323"]

1.d4 Nf6 2.c4 e6 3.Nc3 Bb4 4.Nf3 b6 5.Bg5 Bb7 6.e3 h6 7.Bh4 g5 8.Bg3 Ne4
9.Qc2 Bxc3+ 10.bxc3 d6 11.Bd3 f5 12.d5 Nd7 13.Nd4 Ndc5 14.dxe6 Qf6 15.f3 f4
16.Bxe4 Bxe4 17.fxe4 fxg3 18.hxg3 O-O-O 19.Rf1 Qg6 20.O-O-O Rde8 21.e5 Qxc2+
22.Kxc2 dxe5 23.Nb3 Ne4 24.c5 Rxe6 25.Rf7 Rd8 26.Rxd8+ Kxd8 27.Kd3 Nxg3 28.Kc4 Ne4
29.Kd5 Rf6 30.Rh7 Nxc3+ 31.Kxe5 Rc6 32.a3 bxc5 33.Na5 Rb6 34.Rh8+ Kd7 35.Rh7+ Kd8
36.Rh8+ Ke7 37.Rh7+ Kd8  1/2-1/2

[Event "Bundesliga 2003-4"]
[Site "Solingen GER"]
[Date "2003.12.12"]
[Round "7"]
[White "Dinstuhl,V"]
[Black "Werle,J"]
[Result "1/2-1/2"]
[WhiteElo "2439"]
[BlackElo "2409"]

1.d4 Nf6 2.c4 e6 3.Nc3 Bb4 4.Nf3 c5 5.g3 cxd4 6.Nxd4 O-O 7.Bg2 d5 8.cxd5 Nxd5
9.Qb3 Nc6 10.Nxc6 bxc6 11.O-O Qa5 12.Bd2 Bxc3 13.Bxc3 Nxc3 14.bxc3 Ba6 15.Qb4 Qe5
16.Rfe1 Rab8 17.Qa3 Rb6 18.Rad1 Qc7 19.Rd2 Rd8 20.Red1 Rxd2 21.Rxd2 g6 22.Bf3 c5
23.Qa4 Bb5 24.Qh4 Kg7 25.Qg5 h6 26.Qe3 Bc4 27.Qe4 Bd5 28.Qa4 Bxf3 29.exf3 Qe5
30.Kg2 Qxc3 31.Rd7 Qf6 32.Qxa7 Rb2 33.Qxc5 Rxa2 34.Rd4 Rc2 35.Qb4 g5 36.h4 Qf5
37.hxg5 hxg5 38.Rd8 Qc5 39.Qxc5  1/2-1/2

[Event "XVI Carlos Torre Mem KO"]
[Site "Merida MEX"]
[Date "2003.12.17"]
[Round "1.2"]
[White "Milov,V"]
[Black "Simutowe,A"]
[Result "0-1"]
[WhiteElo "2574"]
[BlackElo "2424"]

1.d4 Nf6 2.c4 e6 3.Nc3 Bb4 4.Nf3 c5 5.g3 cxd4 6.Nxd4 O-O 7.Bg2 d5 8.Qb3 Bxc3+
9.Qxc3 e5 10.Nb3 d4 11.Qd3 Nc6 12.O-O Re8 13.Bg5 h6 14.Bxf6 Qxf6 15.Nd2 Qe7
16.Rac1 f5 17.e4 f4 18.c5 a5 19.a3 a4 20.Rfe1 Rf8 21.Nf3 g6 22.Nh4 Kg7 23.Bf3 Ra5
24.Bd1 Be6 25.Nf3 g5 26.Kh1 fxg3 27.fxg3 Rfa8 28.Qd2 Bf7 29.Rf1 Bg6 30.Qc2 Rc8
31.Qe2 Rca8 32.Qc2 Rc8 33.Kg1 Nd8 34.Qf2 Nf7 35.Rc4 b5 36.Rc2 Rxc5 37.Rxc5 Qxc5
38.Ne1 Qe7 39.Bf3 Nd6 40.Nd3 Ra8 41.Qe2 Rf8 42.Rc1 Nc4 43.Bg2 h5 44.h3 g4
45.hxg4 Qg5 46.Bf3 h4 47.gxh4 Qxh4 48.Bg2 Rh8 49.Bf3 Rf8 50.Nc5 Qg3+ 51.Bg2 Rh8
52.Qf3 Qxf3 53.Bxf3 Rc8 54.Nd3 Rf8 55.Bg2 Kh6 56.Kh2 Kg5 57.Kg3 Rd8 58.Rc2 Re8
59.Bf3 Bf7 60.Nf2 Be6 61.Nd3 Rf8 62.Rh2 Bf7 63.Rh7 Kg6 64.Rh5 Re8 65.Rf5 Kg7
66.g5 Re6 67.Bh1 Bh5 68.Rf2 Ne3 69.Kh4 Bf7 70.Bf3 Re8 71.Kg3 Bc4 72.Be2 Kg6
73.Rf6+ Kxg5 74.Rc6 Re7 75.Kf2 Bxd3 76.Bxd3 Nd1+ 77.Ke2 Nxb2 78.Bxb5 Rh7
79.Kd2 Rh2+ 80.Kc1 d3 81.Rd6 Kf4 82.Bxd3 Nxd3+ 83.Rxd3 Kxe4 84.Rg3 Kd4 85.Kd1 e4
86.Ke1 Rb2 87.Rg8 Kd3 88.Rd8+ Ke3 89.Kd1 Ra2 90.Rh8 Rd2+ 91.Ke1 Rd3 92.Rh7 Rb3
93.Kd1 Kd3 94.Rd7+ Kc3 95.Rc7+ Kd3 96.Rd7+ Kc4 97.Re7 Kd4 98.Rd7+ Ke5 99.Re7+ Kf5
100.Rf7+ Ke6  0-1

[Event "XVI Carlos Torre Mem"]
[Site "Merida MEX"]
[Date "2003.12.18"]
[Round "7"]
[White "Gonzalez Zamora,J"]
[Black "Milov,V"]
[Result "1-0"]
[WhiteElo "2473"]
[BlackElo "2574"]

1.d4 Nf6 2.c4 e6 3.Nc3 Bb4 4.Nf3 c5 5.g3 Nc6 6.Bg2 Ne4 7.Bd2 Bxc3 8.Bxc3 Nxc3
9.bxc3 O-O 10.O-O d6 11.Qd3 Qe7 12.Nd2 e5 13.dxc5 dxc5 14.Bd5 Kh8 15.e4 Bh3
16.Rfe1 Rad8 17.Qe3 Qd6 18.Nf3 Na5 19.Qg5 f6 20.Qh5 Bd7 21.Nh4 Be8 22.Qg4 Qd7
23.Qe2 Qc7 24.Rad1 Nc6 25.Nf5 Ne7 26.Ne3 Bg6 27.Ng2 h6 28.Rd2 Bh7 29.Red1 Rd6
30.f4 exf4 31.Nxf4 Nxd5 32.exd5 Qf7 33.Re1 b6 34.Qf3 Re8 35.Rxe8+ Qxe8 36.Re2 Qf7
37.Re6 Rd7 38.Qe2 Bf5 39.g4 Bg6 40.d6 Kh7 41.Re7 Rxe7 42.dxe7 Qe8 43.Nxg6 Kxg6
44.Qe6 h5 45.h3  1-0

[Event "XXIX Open"]
[Site "Seville ESP"]
[Date "2004.01.15"]
[Round "7"]
[White "Campos Moreno,J"]
[Black "Teske,H"]
[Result "1/2-1/2"]
[WhiteElo "2498"]
[BlackElo "2526"]

1.d4 Nf6 2.c4 e6 3.Nc3 Bb4 4.Nf3 b6 5.Bg5 Bb7 6.Nd2 h6 7.Bh4 c5 8.a3 cxd4
9.axb4 dxc3 10.bxc3 O-O 11.e3 a5 12.b5 d6 13.Nb3 Qe7 14.Be2 Nbd7 15.O-O Rfc8
16.f3 d5 17.cxd5 Bxd5 18.Rc1 a4 19.Nd4 e5 20.Nf5 Qe6 21.e4 Bc4 22.Bxc4 Rxc4
23.Ne3 Rc7 24.c4 a3 25.Be1 Nc5  1/2-1/2

[Event "Open"]
[Site "Praha CZE"]
[Date "2004.01.18"]
[Round "3"]
[White "Schuettler,T"]
[Black "Stoeckmann,H"]
[Result "1-0"]
[WhiteElo "2055"]
[BlackElo "2178"]

1.d4 Nf6 2.Nf3 e6 3.c4 Bb4+ 4.Nc3 O-O 5.Bg5 c5 6.Qc2 cxd4 7.Nxd4 Be7 8.e3 d6
9.Bd3 Nbd7 10.O-O Qc7 11.Bxh7+ Kh8 12.Bd3 b6 13.Ndb5 Qb8 14.Be4 Bb7 15.Rfd1 Nxe4
16.Bxe7 Nxc3 17.Qxc3 Re8 18.Bxd6 Qd8 19.Nc7 Qg5 20.Bg3 Nf6 21.Nxe8 Rxe8 22.Qe5 Qg6
23.Rd4 Qc2 24.Rad1 Kg8 25.Rd8 Rxd8 26.Rxd8+ Kh7 27.Qd4 Qb1+ 28.Qd1 Qxb2 29.Bh4 Qe5
30.Bxf6 gxf6 31.h3 Qg5 32.Qg4 Qxg4 33.hxg4 Kg7 34.Rd7 Ba6 35.Rc7 Kf8 36.f4 Ke8
37.Kf2 Kd8 38.Rxf7 Bxc4 39.Rxa7 b5 40.a3 Ke8 41.Kg3  1-0

[Event "Winter Open"]
[Site "Belgrade SCG"]
[Date "2004.01.22"]
[Round "2"]
[White "Obradovic,D"]
[Black "Popovic,Pr"]
[Result "1-0"]
[WhiteElo "2201"]
[BlackElo "2055"]

1.d4 Nf6 2.Nf3 e6 3.c4 Bb4+ 4.Nc3 Ne4 5.Qc2 f5 6.a3 Bxc3+ 7.bxc3 b6 8.e3 O-O
9.Bd3 Bb7 10.O-O d6 11.Nd2 Qh4 12.f3 Ng5 13.d5 exd5 14.cxd5 Bxd5 15.Bxf5 Nc6
16.f4 Ne7 17.fxg5 Nxf5 18.Rxf5 Qe1+ 19.Nf1 Rxf5 20.Qxf5 Bc4 21.Bb2 Qe2 22.Qf2 Qd3
23.Qd2 Qf5 24.Re1 Qxg5 25.e4 Qh5 26.Ne3 Be6 27.Rf1 Re8 28.c4 Qg5 29.Qf2 h6
30.Bc3 Qg6 31.Qf4 Bd7 32.Nf5 Kh7 33.Bb2 Bc6 34.Re1 Rf8 35.Qg3 Bxe4 36.Qxg6+ Kxg6
37.Ne7+ Kf7 38.Rxe4 Re8 39.Rf4+ Kxe7 40.Re4+ Kf7 41.Rxe8 Kxe8 42.Bxg7 h5
43.Kf2 Kf7 44.Bc3 Ke6 45.h3 Kf5 46.Kf3 c6 47.g4+ hxg4+ 48.hxg4+ Ke6 49.Kf4 a6
50.a4  1-0

[Event "1st WinTV Open"]
[Site "Chennai IND"]
[Date "2004.01.23"]
[Round "4"]
[White "Krishna,T"]
[Black "Roktim,B"]
[Result "0-1"]
[WhiteElo "2129"]
[BlackElo "2352"]

1.d4 Nf6 2.c4 e6 3.Nc3 Bb4 4.Nf3 b6 5.g3 Bb7 6.Bg2 O-O 7.O-O Bxc3 8.bxc3 d6
9.Qb3 Nc6 10.a4 Na5 11.Qa2 Ne4 12.Bb2 Ba6 13.Qb1 f5 14.Qc2 Nxc4 15.Bc1 Rc8
16.Ne1 d5 17.Nd3 c5 18.Nf4 Qd7 19.f3 Nf6 20.Qd3 Bb7 21.Rd1 Bc6 22.Qc2 cxd4
23.cxd4 Na5 24.Bd2 Bb5 25.Qa2 Bc4 26.Qb2 Nb3 27.Ra3 Nxd2 28.Qxd2 Rc6 29.Qe3 Rfc8
30.h4 Qd6 31.Bh3 Re8 32.Raa1 e5 33.dxe5 Rxe5 34.Qd2 Qc5+ 35.Kf1 Nh5 36.Nxh5 Rxe2
37.Qxe2 Qe3 38.Ra2 Qb3 39.Rad2 Qxf3+ 40.Ke1 Bxe2 41.Rxe2 Qxh5 42.Rxd5 Rf6
43.Re7 Qf3 44.Rd8+ Rf8 45.Rdd7 Qxg3+ 46.Ke2 f4 47.Kd1 Kh8 48.Bf1 Qb3+ 49.Ke1 f3
50.Kf2 Qb2+ 51.Kg3 Qa1 52.Kf2 Qf6  0-1

[Event "GMC"]
[Site "Wijk aan Zee NED"]
[Date "2004.01.23"]
[Round "11"]
[White "Janssen,R"]
[Black "Lahno,Kateri"]
[Result "1/2-1/2"]
[WhiteElo "2489"]
[BlackElo "2493"]

1.d4 Nf6 2.c4 e6 3.Nc3 Bb4 4.Nf3 c5 5.g3 cxd4 6.Nxd4 Ne4 7.Qd3 Bxc3+ 8.bxc3 Nc5
9.Qf3 Nc6 10.Bg2 Ne5 11.Qh5 d6 12.O-O O-O 13.Ba3 g6 14.Qh6 Nxc4 15.Bxc5 dxc5
16.Nb3 Qc7 17.Rfd1 Rb8 18.Qh4 b5 19.Qg5 Nb2 20.Rd2 Na4 21.Qf6 Bb7 22.h4 Bxg2
23.h5 gxh5 24.Qg5+ Kh8 25.Qf6+ Kg8 26.Qg5+  1/2-1/2

[Event "TCh-FRA Nat1 GpB"]
[Site "Cannes FRA"]
[Date "2004.01.31"]
[Round "2"]
[White "Flear,C"]
[Black "Leconte,M"]
[Result "1/2-1/2"]
[WhiteElo "2249"]
[BlackElo "2271"]

1.d4 e6 2.c4 Nf6 3.Nc3 Bb4 4.Nf3 b6 5.Qb3 c5 6.a3 Bxc3+ 7.Qxc3 Ne4 8.Qc2 Bb7
9.dxc5 bxc5 10.e3 O-O 11.Bd3 f5 12.O-O Rf6 13.Nd2 Rh6 14.Bxe4 fxe4 15.Rd1 Qh4
16.Nf1 Nc6 17.Rxd7 Ne5 18.Rxb7 Rf8 19.b4 Nf3+ 20.gxf3 exf3 21.Bb2 Rg6+ 22.Qxg6 hxg6
23.Rxg7+ Kh8 24.Rf7+ Kg8 25.Rg7+ Kh8 26.Rf7+  1/2-1/2

[Event "75th ch-GER"]
[Site "Hoeckendorf GER"]
[Date "2004.01.31"]
[Round "2"]
[White "Reich,T"]
[Black "Luther,T"]
[Result "1/2-1/2"]
[WhiteElo "2408"]
[BlackElo "2572"]

1.d4 Nf6 2.c4 e6 3.Nc3 Bb4 4.Nf3 c5 5.g3 cxd4 6.Nxd4 Ne4 7.Qd3 Qa5 8.Nb3 Nxc3
9.Nxa5 Ne4+ 10.Bd2 Bxd2+ 11.Qxd2 Nxd2 12.Kxd2 Nc6 13.Nxc6 dxc6 14.Bg2 Ke7
15.Kc3 e5 16.Rhd1 Bg4 17.Rd3 f6 18.Rad1  1/2-1/2

[Event "75th ch-GER"]
[Site "Hoeckendorf GER"]
[Date "2004.02.02"]
[Round "4"]
[White "Reich,T"]
[Black "Bindrich,F"]
[Result "0-1"]
[WhiteElo "2408"]
[BlackElo "2308"]

1.d4 Nf6 2.c4 e6 3.Nf3 Bb4+ 4.Nc3 b6 5.Bg5 Bb7 6.Qb3 c5 7.O-O-O Bxc3 8.Qxc3 Ne4
9.Bxd8 Nxc3 10.bxc3 Kxd8 11.d5 Ke7 12.e4 d6 13.Bd3 Nd7 14.Rhe1 e5 15.Nh4 g6
16.g3 Nf6 17.Rd2 Bc8 18.f4 Ne8 19.Rf2 Rb8 20.Kd2 Rb7 21.Ref1 Bh3 22.Rb1 Bd7
23.Ke3 Ng7 24.Kf3 Rhb8 25.Kg2 a6 26.Nf3 f6 27.Rfb2 exf4 28.gxf4 Nh5 29.Kf2 Nxf4
30.Bf1 g5 31.Ke3 Ng6 32.h4 h6 33.Rh2 Kf7 34.hxg5 hxg5 35.Bd3 Kg7 36.e5 dxe5
37.Rbh1 Rh8 38.Rxh8 Nxh8 39.Rh7+ Kg8 40.Rh6 e4 41.Bxe4 f5 42.Bd3 Kg7 43.Rh5 Nf7
44.Nxg5 Kg6 45.Nxf7 Kxh5 46.Nd6 Rb8 47.Bxf5 Bxf5 48.Nxf5 Kg5 49.Nd6 Kf6 50.Kd3 Rf8
51.Ne4+ Ke5 52.Nd2 Kf4 53.a4 Rg8 54.Nb3 Rg3+ 55.Kc2 Rg2+ 56.Kd3 Rg3+ 57.Kd2 a5
58.Na1 Ke4 59.Kc2 Rg1 60.d6 Rg6 61.Kb3 Rxd6 62.Nc2 Rd1 63.Na3 Kd3 64.Nb5 Rb1+  0-1